| 000 | 00809nam a2200229 i 4500 | ||
|---|---|---|---|
| 001 | IT\ICCU\LO1\1352555 | ||
| 003 | ItRI | ||
| 005 | 20260320162259.0 | ||
| 008 | 110415s2011 it |||||| ||||| |||||c | ||
| 015 |
_2IT _a2011-5187 |
||
| 020 | _a9788842546641 | ||
| 040 |
_bita _carcigay messina |
||
| 041 | 7 |
_aita _2ISO-639-2 |
|
| 082 |
_a945.083092 _221 |
||
| 100 | 1 |
_aPala, Elena _0IT\ICCU\MILV\333826 _4aut |
|
| 245 | 1 | 0 |
_aGaribaldi in camicia nera : _bil mito dell'eroe dei due mondi nella Repubblica di Salò 1943-1945 / _cElena Pala. |
| 260 |
_aMilano : _bMursia, _c2011 |
||
| 300 |
_a141 p. : _bill. ; _c21 cm. |
||
| 650 | 7 |
_aGaribaldi, Giuseppe <1807-1882> _xFortuna _xItalia _x1943-1945 _2nsbncf |
|
| 830 | 0 |
_aStoria, biografie, diari. Storie generali e particolari _0IT\ICCU\CFI\0585323 |
|
| 942 |
_2ddc _cBK |
||
| 999 |
_c28219 _d28219 |
||